[Event "GER-ch U12"]
[Site "Willingen"]
[Date "2009.06.03"]
[Round "6"]
[White "Liem Thanh, Gabriel"]
[Black "Koch, Elisabeth"]
[Result "1-0"]
[WhiteElo "1798"]
[BlackElo "1301"]
[PlyCount "43"]
[EventDate "2009.05.30"]
[EventType "swiss"]
[EventRounds "11"]
[EventCountry "GER"]
[SourceTitle "EXT 2010"]
[Source "ChessBase"]
[SourceDate "2010.11.25"]
[SourceVersion "1"]
[SourceVersionDate "2010.11.25"]
[SourceQuality "1"]

1. f4 d5 2. Nf3 Nc6 3. b3 Bf5 4. Bb2 Nf6 5. e3 e6 6. Bb5 Ne4 7. d3 Nf6 8. Nbd2 Bd6 9. 0-0 0-0 10. Bxc6 bxc6 11. Qe1 h6 12. Nh4 Bh7 13. Qg3 Nh5 14. Qg4 Nf6 15. Qh3 c5 16. Rf3 Re8 17. Rg3 Bf8 18. Nhf3 Re7 19. Qxh6 Ne8 20. Qh4 Rd7 21. Ng5 Qxg5 22. fxg5 1-0

[Event "GER-ch U12"]
[Site "Willingen"]
[Date "2009.06.01"]
[Round "3"]
[White "Siegert, Gregor"]
[Black "Liem Thanh, Gabriel"]
[Result "1-0"]
[WhiteElo "1392"]
[BlackElo "1798"]
[PlyCount "103"]
[EventDate "2009.05.30"]
[EventType "swiss"]
[EventRounds "11"]
[EventCountry "GER"]
[SourceTitle "EXT 2010"]
[Source "ChessBase"]
[SourceDate "2010.11.25"]
[SourceVersion "1"]
[SourceVersionDate "2010.11.25"]
[SourceQuality "1"]

1. d4 Nf6 2. c4 e6 3. Nc3 Bb4 4. e3 Ne4 5. Bd2 Bxc3 6. Bxc3 b6 7. Bd3 Bb7 8. Qc2 Nxc3 9. Nf3 Nxa2 10. Rxa2 Nc6 11. 0-0 Nb4 12. Qb3 Nxa2 13. Qxa2 0-0 14. b3 f5 15. Qe2 d6 16. Rd1 Qe7 17. Re1 e5 18. Bc2 Bxf3 19. Qxf3 exd4 20. Qd5+ Qf7 21. Qxd4 Rad8 22. Bd3 Qf6 23. Qd5+ Kh8 24. Rb1 c5 25. h3 g6 26. Bc2 a6 27. Qd3 Rb8 28. Qd2 b5 29. Bd3 b4 30. Be2 a5 31. Bf3 Rfe8 32. Qa2 f4 33. e4 Qd8 34. Rd1 Re5 35. Qb2 Qf8 36. Qa1 Ra8 37. Rd5 Qf6 38. Rd2 Kg8 39. Ra2 Qd8 40. Qc1 g5 41. Qd1 Qe7 42. Rc2 Ra7 43. Ra2 Qd8 44. Rd2 Rd7 45. Bg4 Rde7 46. Rxd6 Qc7 47. f3 Kg7 48. Qd2 Qa7 49. h4 h6 50. h5 a4 51. Rg6+ Kh7 52. Qd6 1-0

[Event "GER-ch U12"]
[Site "Willingen"]
[Date "2009.05.30"]
[Round "1"]
[White "Gassmann, Linda"]
[Black "Liem Thanh, Gabriel"]
[Result "0-1"]
[WhiteElo "1143"]
[BlackElo "1798"]
[PlyCount "107"]
[EventDate "2009.05.30"]
[EventType "swiss"]
[EventRounds "11"]
[EventCountry "GER"]
[SourceTitle "EXT 2010"]
[Source "ChessBase"]
[SourceDate "2010.11.25"]
[SourceVersion "1"]
[SourceVersionDate "2010.11.25"]
[SourceQuality "1"]

1. e4 e6 2. d4 d5 3. exd5 exd5 4. Nf3 Bd6 5. Nc3 c6 6. Bd3 Nf6 7. h3 Be6 8. Bd2 Qc7 9. Qe2 Nbd7 10. 0-0-0 0-0-0 11. Ng5 Rde8 12. Qf3 h6 13. Nxe6 Rxe6 14. Bf5 Re7 15. Rhe1 Rhe8 16. Rxe7 Rxe7 17. Re1 Rxe1+ 18. Bxe1 Bf4+ 19. Bd2 Bxd2+ 20. Kxd2 Qb6 21. Bxd7+ Nxd7 22. Kd3 f6 23. Qg4 Qc7 24. Na4 b6 25. b3 Kd8 26. Nb2 c5 27. Qe6 Qb7 28. c3 Kc7 29. c4 dxc4+ 30. Qxc4 Qxg2 31. Qa6 Qf3+ 32. Kc4 Qe2+ 33. Nd3 Qc2+ 34. Kd5 cxd4 35. Kxd4 Qc6 36. Qxa7+ Kd8 37. Qa3 Ke8 38. Qb4 Qe6 39. h4 Kf7 40. Qc4 Qxc4+ 41. Kxc4 Ke6 42. a4 g5 43. hxg5 fxg5 44. b4 h5 45. a5 bxa5 46. bxa5 h4 47. Kd4 h3 48. f3 Kd6 49. Nf2 h2 50. Ke3 Ne5 51. f4 Ng4+ 52. Kf3 Nxf2 53. Kg2 h1Q+ 54. Kxf2 0-1

[Event "Berlin-ch Class-C"]
[Site "Berlin"]
[Date "2009.05.22"]
[Round "4"]
[White "Gressmann, Moritz"]
[Black "Liem Thanh, Gabriel"]
[Result "1/2-1/2"]
[WhiteElo "1500"]
[BlackElo "1574"]
[PlyCount "100"]
[EventDate "2009.05.20"]
[EventType "tourn"]
[EventRounds "7"]
[EventCountry "GER"]
[SourceTitle "EXT 2012"]
[Source "ChessBase"]
[SourceDate "2011.11.24"]
[SourceVersion "1"]
[SourceVersionDate "2011.11.24"]
[SourceQuality "1"]

1. e4 e6 2. d4 d5 3. exd5 exd5 4. Bd3 Bd6 5. Ne2 Ne7 6. Bf4 Bf5 7. c3 c6 8. 0-0 Qc7 9. Bxd6 Qxd6 10. Bxf5 Nxf5 11. Ng3 Nxg3 12. fxg3 0-0 13. Nd2 Nd7 14. Nf3 Nf6 15. Nh4 Qd7 16. Qc2 Ne4 17. Rae1 Rfe8 18. Nf3 f6 19. Nd2 Qg4 20. Rf4 Qg6 21. Nxe4 f5 22. Nf6+ Qxf6 23. Rxe8+ Rxe8 24. Rxf5 Qh6 25. Rf4 Qe6 26. Qf5 Qxf5 27. Rxf5 Re1+ 28. Rf1 Rxf1+ 29. Kxf1 Kf7 30. Kf2 Ke6 31. Kf3 Kf6 32. g4 g5 33. g3 Ke6 34. h4 h6 35. h5 Kd6 36. Ke3 b6 37. b3 a6 38. a3 a5 39. b4 a4 40. Kd3 Kc7 41. Ke3 Kb7 42. Kd3 Kc7 43. Ke3 Kd7 44. Kd3 Kd6 45. Ke3 Kc7 46. Kd2 Kb7 47. Kd3 Kc7 48. Ke3 Kb7 49. Kd3 Ka6 50. c4 b5 1/2-1/2

[Event "Berlin-ch Class-C"]
[Site "Berlin"]
[Date "2009.05.21"]
[Round "3"]
[White "Liem Thanh, Gabriel"]
[Black "Engelhardt, Erhard"]
[Result "0-1"]
[WhiteElo "1574"]
[BlackElo "1632"]
[PlyCount "58"]
[EventDate "2009.05.20"]
[EventType "tourn"]
[EventRounds "7"]
[EventCountry "GER"]
[SourceTitle "EXT 2012"]
[Source "ChessBase"]
[SourceDate "2011.11.24"]
[SourceVersion "1"]
[SourceVersionDate "2011.11.24"]
[SourceQuality "1"]

1. e4 e6 2. d4 d5 3. e5 c5 4. c3 Nc6 5. Nf3 Qb6 6. Be2 cxd4 7. cxd4 Nh6 8. Bxh6 Qxb2 9. Nbd2 gxh6 10. 0-0 Qa3 11. Nb3 Bd7 12. Bb5 a6 13. Bd3 b6 14. Nfd2 Bg7 15. f4 0-0 16. f5 f6 17. Qg4 Qe7 18. Rac1 fxe5 19. fxe6 Rxf1+ 20. Nxf1 Bxe6 21. Bf5 Bxf5 22. Qxf5 Rf8 23. Qg4 Qf7 24. Ng3 Nxd4 25. Nxd4 exd4 26. Qe2 Qe8 27. Qxe8 Rxe8 28. Rc6 d3 29. Rc1 d2 0-1

[Event "Berlin-ch Class-C"]
[Site "Berlin"]
[Date "2009.05.20"]
[Round "1"]
[White "Liem Thanh, Gabriel"]
[Black "Pixa, Richard"]
[Result "1/2-1/2"]
[WhiteElo "1574"]
[BlackElo "1567"]
[PlyCount "31"]
[EventDate "2009.05.20"]
[EventType "tourn"]
[EventRounds "7"]
[EventCountry "GER"]
[SourceTitle "EXT 2012"]
[Source "ChessBase"]
[SourceDate "2011.11.24"]
[SourceVersion "1"]
[SourceVersionDate "2011.11.24"]
[SourceQuality "1"]

1. e4 e6 2. d4 d5 3. exd5 exd5 4. Bd3 Bd6 5. Nf3 Nf6 6. 0-0 0-0 7. Bg5 Bg4 8. Nbd2 Nbd7 9. c3 c6 10. Qc2 Qc7 11. Rfe1 Rfe8 12. h3 Bh5 13. Rac1 Bg6 14. Bxg6 hxg6 15. Bxf6 Nxf6 16. a3 1/2-1/2

[Event "Berlin Lichtenberger op 7th"]
[Site "Berlin"]
[Date "2008.08.22"]
[Round "7"]
[White "Liem Thanh, Gabriel"]
[Black "Schneider, Eckehard"]
[Result "1-0"]
[WhiteElo "1250"]
[BlackElo "1802"]
[PlyCount "69"]
[EventDate "2008.08.16"]
[EventType "swiss"]
[EventRounds "9"]
[EventCountry "GER"]
[SourceTitle "CBM 126 Extra"]
[Source "ChessBase"]
[SourceDate "2008.11.05"]
[SourceVersion "1"]
[SourceVersionDate "2008.11.05"]
[SourceQuality "1"]

1. e4 e6 2. d4 d5 3. exd5 exd5 4. Bd3 Bd6 5. c3 c6 6. Nf3 Nf6 7. Bg5 0-0 8. 0-0 h6 9. Bh4 Be6 10. Nbd2 Nbd7 11. Re1 Qb6 12. Qc2 c5 13. dxc5 Bxc5 14. Bg3 Rac8 15. Rac1 Rc6 16. Nb3 Re8 17. Nxc5 Nxc5 18. Be5 Nxd3 19. Qxd3 Ne4 20. Qc2 Bg4 21. Bd4 Qc7 22. Ne5 Bf5 23. Nxc6 Qxc6 24. Qe2 Qg6 25. f3 Nd6 26. Qf2 a6 27. Rxe8+ Nxe8 28. Re1 Nf6 29. Qg3 Nh5 30. Qxg6 Bxg6 31. Re5 Nf4 32. g3 Nd3 33. Rxd5 Nxb2 34. Rd7 b5 35. Ra7 1-0

[Event "Berlin Lichtenberger op 7th"]
[Site "Berlin"]
[Date "2008.08.19"]
[Round "4"]
[White "Fiedler, Wolfgang2222"]
[Black "Liem Thanh, Gabriel"]
[Result "1-0"]
[WhiteElo "1992"]
[BlackElo "1250"]
[PlyCount "91"]
[EventDate "2008.08.16"]
[EventType "swiss"]
[EventRounds "9"]
[EventCountry "GER"]
[SourceTitle "CBM 126 Extra"]
[Source "ChessBase"]
[SourceDate "2008.11.05"]
[SourceVersion "1"]
[SourceVersionDate "2008.11.05"]
[SourceQuality "1"]

1. e4 e6 2. d3 d5 3. Nd2 Nc6 4. g3 Nf6 5. Bg2 Bc5 6. c3 Bd7 7. d4 Bb6 8. e5 Ne4 9. Nxe4 dxe4 10. Bxe4 0-0 11. Qc2 h6 12. Be3 a5 13. Qd2 f5 14. Bg2 Kh7 15. Ne2 Qe7 16. Qc2 Kh8 17. h4 Qf7 18. h5 a4 19. Nf4 Kg8 20. Rh4 Ra7 21. 0-0-0 a3 22. b3 Na5 23. g4 Nxb3+ 24. Qxb3 Ba4 25. Qxe6 Qxe6 26. Nxe6 Bxd1 27. Nxf8 Bxg4 28. Nd7 Ba5 29. Bd5+ Kh8 30. Kd2 c6 31. Bb3 Bd8 32. Rh2 f4 33. Bxf4 Bxd7 34. e6 Be8 35. Be5 b6 36. c4 Bc7 37. Bxc7 Rxc7 38. d5 Re7 39. f4 Kh7 40. f5 cxd5 41. cxd5 Bb5 42. Ke3 g5 43. f6 Re8 44. Ke4 Rf8 45. Ke5 Kg8 46. d6 1-0